| 000 | 00876nam a22001695i 4500 | ||
|---|---|---|---|
| 001 | 167526 | ||
| 003 | ES-MaACL | ||
| 005 | 20230906213538.0 | ||
| 008 | 000925s1883 sp |||| | spa d | ||
| 040 |
_aCCPB | B _bspa _cCCPB | B |
||
| 100 | 1 |
_aVilanova y Piera, José. _9133721 |
|
| 245 | 1 | 0 |
_aMemoria de los expositores valencianos en la Exposición Nacional de Minería, Artes metalúrgicas, Cerámica, Cristalería y Aguas minerales _b: celebrada en Madrid en el año 1883 / _cpor José Vilanova y Piera. |
| 260 |
_aValencia : _b[s.n.], _c1883 ( _fimprenta de Nicasio Rius Monfort) |
||
| 300 |
_a33 p., [3] h. pleg. ; _c21 cm. |
||
| 711 | 2 |
_aExposición Nacional de Minería, Artes Metalúrgicas, Cerámica, Cristalería y Aguas Minerales ( _d1883. _cMadrid) _9707 |
|
| 852 |
_aES-MaACL _jT-909-F-1 _z-- Enc. hol., conservando la cub. original _z-- Enc. en un vol. facticio |
||
| 999 |
_c167526 _d167526 |
||